000 01316nam a2200349Ia 4500
001 ebr10172642
003 CaPaEBR
006 m u
007 cr cn|||||||||
008 061017s2006 nyu s 000 0 eng d
020 _z9780312295998 (hbk.)
020 _z0312295995 (hbk.)
020 _z9780312296001 (pbk.)
020 _z0312296002 (pbk.)
040 _aCaPaEBR
_cCaPaEBR
035 _a(OCoLC)191952887
050 1 4 _aP40
_b.E54 2006eb
082 0 4 _a305.8
_222
245 0 0 _aEnglish and ethnicity
_h[electronic resource] /
_cedited by Janina Brutt-Griffler and Catherine Evans Davies.
260 _aNew York, N.Y. ;
_aBasingstoke :
_bPalgrave Macmillan,
_c2006.
300 _axi, 308 p.
490 1 _aSigns of race
533 _aElectronic reproduction.
_bPalo Alto, Calif. :
_cebrary,
_d2009.
_nAvailable via World Wide Web.
_nAccess may be limited to ebrary affiliated libraries.
650 0 _aEthnicity
_zEnglish-speaking countries.
650 0 _aEnglish language.
655 7 _aElectronic books.
_2local
700 1 _aBrutt-Griffler, Janina,
_d1966-
700 1 _aDavies, Catherine Evans.
710 2 _aebrary, Inc.
830 0 _aSigns of race.
856 4 0 _uhttp://site.ebrary.com/lib/rucke/Doc?id=10172642
_zAn electronic book accessible through the World Wide Web; click to view
999 _c138624
_d138624